000 01189nam a2200301 i 4500
003 EG-GICUC
005 20260121101532.0
008 251222s1992 ua ||||fr|||| 00| 0 ara d
040 _a EG-GICUC
_bara
_c EG-GICUC
_d EG-GICUC
_erda
041 0 _aara
082 0 4 _221
_a345.31321
_bم ح . ت
092 0 4 _221
099 _aLaw1 07 345.31321 م ح . ت 1992
100 0 _aمحمد جمال عثمان جبريل
_eمؤلف.
245 1 2 _aالترخيص الأداري :
_bدراسة مقارنة /
_cمحمد جمال عثمان جبريل
264 4 _a[مكان النشر غير محدد] :
_b[اسم الناشر غير محدد],
_c[1992]
300 _a640 ؛ صفحة
_c24 سم.
336 _2rda content
_atext
337 _2rda media
_aComputer
338 _2rda carrier
_aOnline Resource
504 _aيحتوي على ارجاعات ببليوجرافية يحتوي على قائمة بالمراجع
546 _aالنص باللغة العربية
650 1 4 _a الترخيص الإداري
_xالقانون الإداري
_2qrmak
651 1 _2qrmak
856 4 0 _uhttps://fll.law.cu.edu.eg/fulltext/bks/B07-01017.pdf
905 _a75
942 _2ddc
_cBK
_e21
_n0
999 _c52140
_d52140